Most NFL Championships by Franchise - Statistics

General Stats
  • This quiz has been taken 1,466 times
    210 since last reset
  • The average score is 11 of 14
Answer Stats
Years Number Answer % Correct
1929, 1930, 1931, 1936, 1939, 1944, 1961, 1962, 1965, 1966, 1967, 1996, 2010 13 Green Bay Packers
95%
2001, 2003, 2004, 2014, 2016, 2018 6 New England Patriots
94%
1974, 1975, 1978, 1979, 2005, 2008 6 Pittsburgh Steelers
90%
1971, 1977, 1992, 1993, 1995 5 Dallas Cowboys
87%
1981, 1984, 1988, 1989, 1994 5 San Francisco 49ers
86%
1948, 1949, 1960, 2017, 2024 5 Philadelphia Eagles
85%
1969, 2019, 2022, 2023 4 Kansas City Chiefs
81%
1921, 1932, 1933, 1940, 1941, 1943, 1946, 1963, 1985 9 Chicago Bears
78%
1927, 1934, 1938, 1956, 1986, 1990, 2007, 2011 8 New York Giants
77%
1945, 1951, 1999, 2021 4 Los Angeles Rams
75%
1958, 1959, 1970, 2006 4 Indianapolis Colts
62%
1937, 1942, 1982, 1987, 1991 5 Washington Redskins
61%
1950, 1954, 1955, 1964 4 Cleveland Browns
57%
1935, 1952, 1953, 1957 4 Detroit Lions
53%
No matching quizzes found
Score Distribution
Percent of People with Each Score
Percentile by Number Answered
Your Score History
You have not taken this quiz since the last reset